logo

Bir Sreshtho Munshi Abdur Rouf Library
Jhenaidah Cadet College

Pakistan economics, (Record no. 8685)

MARC details
000 -LEADER
fixed length control field 00722cam a22002531 4500
001 - CONTROL NUMBER
JCCL Control Number 8685
003 - CONTROL NUMBER IDENTIFIER
JCCL marc code BD-JhCC
005 - DATE AND TIME OF LATEST TRANSACTION
control field 20180301113538.0
008 - FIXED-LENGTH DATA ELEMENTS--GENERAL INFORMATION
fixed length control field 880504s1962 pk a 000 0 eng
035 ## - SYSTEM CONTROL NUMBER
system control number (BD-JhCC)8685
035 ## - SYSTEM CONTROL NUMBER
system control number (OCoLC)17893375
040 ## - CATALOGING SOURCE
Original cataloging agency DLC
Transcribing agency WaU
Modifying agency CU
-- DLC
-- BD-JhCC
041 ## - LANGUAGE CODE
Language code of Book eng
050 00 - LIBRARY OF CONGRESS CALL NUMBER
Classification number HC440.5
Item number .R2 1962
082 ## - DEWEY DECIMAL CLASSIFICATION NUMBER
Author mark and Year RAH 1962
100 1# - MAIN ENTRY--PERSONAL NAME
Personal name Rahman, Hafiz Habibur.
245 10 - TITLE STATEMENT
Title Pakistan economics,
Remainder of title with a summary of 2nd five year plan.
250 ## - EDITION STATEMENT
Edition statement [2d ed.] Thoroughly rev., enl. & brought up-to-date.
260 ## - PUBLICATION, DISTRIBUTION, ETC. (IMPRINT)
Place of publication, distribution, etc Dacca,
Name of publisher, distributor, etc Ideal Publications
Date of publication, distribution, etc [1962]
300 ## - PHYSICAL DESCRIPTION
Pagination 382 p.
Other physical details illus.
Dimensions 18 cm.
651 #0 - SUBJECT ADDED ENTRY--GEOGRAPHIC NAME
Geographic name Pakistan
General subdivision Economic conditions.
942 ## - ADDED ENTRY ELEMENTS (KOHA)
Source of classification or shelving scheme Dewey Decimal Classification
Koha item type Books
Holdings
Source of classification or shelving scheme Damaged status Not for loan Home library Current library Shelving location Total Checkouts Full call number Barcode Date last seen Copy number Koha item type
Dewey Decimal Classification     JCC Rouf Library JCC Rouf Library General Stacks   RAH 1962 11331 03/01/2018 C - 1 Books

JCC Library | Contacts | JCC Home

Last Update on 23 September 2017
Copyright @ 2017-2020 JCC Rouf Library
Rouf Library, Jhenidah Cadet College (JCC), Bangladesh